Cigareta s filtrom

Bibliographic Details
Main Author: Peters, Gunther (Author)
Format: Book
Language:Slovak
Published: [Banská Bystrica] Úrad priemyselného vlastníctva Slovenskej republiky [2003]

MARC

LEADER 00000nam a2200000 a 4500
001 vtls008153485
003 SK-MaSNL
005 20260302014059.0
008 240313s xo d 000 0 slo
013 |a 283 635  |b gw  |c patentový spis  |d 20031104  |e dátum nadobudnutia účinkov patentu (Vestník ÚPV SR č.: 11/2003)  |d 20031013  |e dátum sprístupnenia patentu verejnosti 
013 |a 557-2000  |e číslo prihlášky  |d 19981015  |e dátum podania prihlášky  |d 20000912  |e dátum zverejnenia prihlášky (Vestník ÚPV SR č.: 09/2000) 
013 |a 197460664.8  |e číslo prioritnej prihlášky  |d 19971023  |e dátum podania prioritnej prihlášky 
013 |a PCT/EP98/06524  |e číslo podania medzinárodnej prihlášky podľa PCT 
013 |a WO99/21445  |e číslo zverejnenia medzinárodnej prihlášky podľa PCT 
040 |a SNK  |b slo  |c SNK  |e AACR2 
100 1 |a Peters, Gunther  |4 aut  |9 658239 
245 1 |a Cigareta s filtrom 
260 |a [Banská Bystrica]  |b Úrad priemyselného vlastníctva Slovenskej republiky  |c [2003] 
919 |a ISBN 
999 |c 1015513  |d 1017443 
952 |a SNK  |b SNK  |y PREZ  |7 0  |p 17A0468248  |o snkSK 283635  |i snk2005/7967  |8 0  |0 0  |1 0  |4 0  |d 2005-05-12  |l 0  |r 2026-02-24 13:06:55  |w 2026-02-24